书目信息 |
| 题名: |
高等数学
|
|
| 作者: | 张建文 , 洪洁怡 编著 | |
| 分册: | ||
| 出版信息: | 北京 北京理工大学出版社 2004.7 |
|
| 页数: | 228页 | |
| 开本: | 26cm | |
| 丛书名: | ||
| 单 册: | ||
| 中图分类: | O13 | |
| 科图分类: | ||
| 主题词: | 高等数学--高等学校--教材 | |
| 电子资源: | ||
| ISBN: | 7-5640-0320-0 | |
| 000 | 00740nam0 2200241 45 | |
| 001 | 012004000000 | |
| 005 | 20041208150659.99 | |
| 010 | @a7-5640-0320-0@dCNY 23.00 | |
| 100 | @a20040812d2004 em y0chiy0121 ea | |
| 101 | 0 | @achi |
| 102 | @aCN@b110000 | |
| 105 | @aak z 000yy | |
| 200 | 1 | @a高等数学@Agao deng shuo xue@f张建文, 洪洁怡编著 |
| 210 | @a北京@c北京理工大学出版社@d2004.7 | |
| 215 | @a228页@c图, 表格@d26cm | |
| 320 | @a本书含附录 | |
| 330 | @a本书内容: 函数极限; 函数的微积分; 导数的应用; 微元法; 多元函数微积分...... | |
| 606 | 0 | @a高等数学@x高等学校@j教材 |
| 690 | @aO13@v4 | |
| 701 | 0 | @a张建文@Azhang jian wen@4编著 |
| 701 | 0 | @a洪洁怡@Ahong jie yi@4编著 |
| 801 | 0 | @aCN@bQSSK@c20041208 |
| 905 | @a10447@dO13@eZ120 | |
| 高等数学/张建文, 洪洁怡编著.-北京:北京理工大学出版社,2004.7 |
| 228页:图, 表格;26cm |
| ISBN 7-5640-0320-0:CNY 23.00 |
| 本书内容: 函数极限; 函数的微积分; 导数的应用; 微元法; 多元函数微积分...... |
| ● |
| 相关链接 |
|
|
|
正题名:高等数学
索取号:O13/Z120
 
预约/预借
| 序号 | 登录号 | 条形码 | 馆藏地/架位号 | 状态 | 备注 |
| 1 | 431990 | 204319905 | 自科库401/401自科库 107排9列3层/ [索取号:O13/Z120] | 在馆 | |
| 2 | 431991 | 204319914 | 自科二线504/504自科库 50排4列1层/ [索取号:O13/Z120] | 在馆 | |
| 3 | 431992 | 204319923 | 自科库401/401自科库 107排9列3层/ [索取号:O13/Z120] | 在馆 | |
| 4 | 431993 | 204319932 | 自科库401/401自科库 107排9列3层/ [索取号:O13/Z120] | 在馆 | |
| 5 | 431994 | 204319941 | 自科二线504/504自科库 50排4列1层/ [索取号:O13/Z120] | 在馆 | |
| 6 | 431995 | 204319950 | 自科二线504/504自科库 50排4列1层/ [索取号:O13/Z120] | 在馆 |